[Event "CRI-chT"]
[Site "San Jose"]
[Date "2012.07.29"]
[Round "9.2"]
[White "Vindas Moran, Roberto Camilo"]
[Black "Machado Ramirez, Allan"]
[Result "1-0"]
[WhiteElo "1948"]
[BlackElo "2046"]
[PlyCount "91"]
[EventDate "2012.07.22"]
[EventType "team-tourn"]
[EventRounds "9"]
[EventCountry "CRI"]
[SourceTitle "EXT 2013"]
[Source "ChessBase"]
[SourceDate "2012.11.22"]
[SourceVersion "1"]
[SourceVersionDate "2012.11.22"]
[SourceQuality "1"]
[WhiteTeam "Pasion Ajedrez.com"]
[BlackTeam "Cartago Las Brumas"]
[WhiteTeamCountry "CRI"]
[BlackTeamCountry "CRI"]

1. d4 e6 2. c4 Nf6 3. Nc3 Bb4 4. a3 Bxc3+ 5. bxc3 c5 6. e3 Qc7 7. Bd3 d6 8. Ne2 b6 9. 0-0 0-0 10. e4 e5 11. Kh1 Nc6 12. d5 Na5 13. Ng3 Ba6 14. f4 Ne8 15. fxe5 dxe5 16. Qg4 f6 17. Nf5 Bxc4 18. Bxc4 Nxc4 19. Rf3 Ncd6 20. Rh3 Nxf5 21. exf5 Rf7 22. Qh5 Kf8 23. Qxh7 Qd7 24. c4 Qa4 25. Be3 Ke7 26. Qg8 Rd8 27. Rh8 Qd7 28. g4 Kd6 29. a4 Kc7 30. a5 b5 31. cxb5 Qxd5+ 32. Kg1 Qb3 33. Bxc5 Rd1+ 34. Rxd1 Qxd1+ 35. Kf2 Qc2+ 36. Kg3 Rd7 37. Bf2 Qe2 38. b6+ axb6 39. axb6+ Kb7 40. Qxe8 Rd3+ 41. Kh4 Qxf2+ 42. Kh5 Rh3+ 43. Kg6 Rxh8 44. Qxh8 Qf4 45. Qxg7+ Kxb6 46. Qxf6+ 1-0

[Event "CRI-chT"]
[Site "San Jose"]
[Date "2012.07.22"]
[Round "1.5"]
[White "Machado Ramirez, Allan"]
[Black "Solano Lopez, Royner"]
[Result "1-0"]
[WhiteElo "2046"]
[BlackElo "2064"]
[PlyCount "67"]
[EventDate "2012.07.22"]
[EventType "team-tourn"]
[EventRounds "9"]
[EventCountry "CRI"]
[SourceTitle "EXT 2013"]
[Source "ChessBase"]
[SourceDate "2012.11.22"]
[SourceVersion "1"]
[SourceVersionDate "2012.11.22"]
[SourceQuality "1"]
[WhiteTeam "Cartago Las Brumas"]
[BlackTeam "Construterra"]
[WhiteTeamCountry "CRI"]
[BlackTeamCountry "CRI"]

1. d4 Nf6 2. c4 g6 3. Nc3 Bg7 4. e4 d6 5. Be2 0-0 6. f4 e5 7. dxe5 dxe5 8. Qxd8 Rxd8 9. fxe5 Nfd7 10. Nd5 Na6 11. e6 fxe6 12. Ne7+ Kh8 13. Nf3 Re8 14. Nxc8 Raxc8 15. 0-0 Nac5 16. Nd2 Na4 17. Rb1 Ndc5 18. g3 Rcd8 19. Rf3 Nxb2 20. Rxb2 Bxb2 21. Bxb2+ Kg8 22. Bc3 Na4 23. Nb3 Nxc3 24. Rxc3 a5 25. a4 Kg7 26. Kf2 Kf6 27. Ke3 Ke5 28. Nxa5 Rb8 29. c5 h5 30. Rc1 Kf6 31. Nc4 b5 32. cxb6 cxb6 33. e5+ Ke7 34. Nd6 1-0